<?xml version="1.0" encoding="UTF-8"?>
<record
    xmlns:xsi="http://www.w3.org/2001/XMLSchema-instance"
    xsi:schemaLocation="http://www.loc.gov/MARC21/slim http://www.loc.gov/standards/marcxml/schema/MARC21slim.xsd"
    xmlns="http://www.loc.gov/MARC21/slim">

  <leader>00536nam a22001217a 4500</leader>
  <datafield tag="040" ind1=" " ind2=" ">
    <subfield code="c">RUA</subfield>
  </datafield>
  <datafield tag="100" ind1=" " ind2=" ">
    <subfield code="a">SORN PANHA,&#x179F;&#x17CA;&#x1793; &#x1794;&#x1789;&#x17D2;&#x1789;&#x17B6;</subfield>
  </datafield>
  <datafield tag="245" ind1=" " ind2=" ">
    <subfield code="a">EFFECT OF MUNG BEAN BRAN FOR GROWTH PERFORMANCE OF QUAIL,&#x1794;&#x17D2;&#x179A;&#x179F;&#x17B7;&#x1791;&#x17D2;&#x1792;&#x1797;&#x17B6;&#x1796;&#x1780;&#x1793;&#x17D2;&#x1791;&#x1780;&#x17CB;&#x179F;&#x178E;&#x17D2;&#x178F;&#x17C2;&#x1780;&#x1794;&#x17B6;&#x1799;&#x179B;&#x17BE;&#x1780;&#x17B6;&#x179A;&#x179B;&#x17BC;&#x178F;&#x179B;&#x17B6;&#x179F;&#x17CB;&#x1780;&#x17D2;&#x179A;&#x17BD;&#x1785;&#x179F;&#x17B6;&#x1785;&#x17CB;</subfield>
  </datafield>
  <datafield tag="260" ind1=" " ind2=" ">
    <subfield code="a">phnom penh</subfield>
    <subfield code="b">rua</subfield>
    <subfield code="c">2020</subfield>
  </datafield>
  <datafield tag="300" ind1=" " ind2=" ">
    <subfield code="a">x.41p.</subfield>
    <subfield code="b">ill.</subfield>
    <subfield code="c">29cm.</subfield>
  </datafield>
  <datafield tag="856" ind1=" " ind2=" ">
    <subfield code="u">https://drive.google.com/file/d/14SyPiOTjFEkbPQGBQbfvGX5AjAXECVdT/view?usp=sharing</subfield>
  </datafield>
  <datafield tag="942" ind1=" " ind2=" ">
    <subfield code="c">ANS</subfield>
  </datafield>
  <datafield tag="999" ind1=" " ind2=" ">
    <subfield code="c">20618</subfield>
    <subfield code="d">20618</subfield>
  </datafield>
  <datafield tag="952" ind1=" " ind2=" ">
    <subfield code="0">0</subfield>
    <subfield code="1">0</subfield>
    <subfield code="2">ddc</subfield>
    <subfield code="4">0</subfield>
    <subfield code="6">ANS_SOR_2020_000000000000000_B479_OR</subfield>
    <subfield code="7">0</subfield>
    <subfield code="9">91810</subfield>
    <subfield code="a">LBB</subfield>
    <subfield code="b">LBB</subfield>
    <subfield code="c">B479</subfield>
    <subfield code="d">2022-10-11</subfield>
    <subfield code="l">2</subfield>
    <subfield code="o">ANS SOR 2020 B479 Or.</subfield>
    <subfield code="p">A069163</subfield>
    <subfield code="r">2023-01-16</subfield>
    <subfield code="s">2022-12-16</subfield>
    <subfield code="w">2022-10-11</subfield>
    <subfield code="y">ANS</subfield>
  </datafield>
  <datafield tag="952" ind1=" " ind2=" ">
    <subfield code="0">0</subfield>
    <subfield code="1">0</subfield>
    <subfield code="2">ddc</subfield>
    <subfield code="4">0</subfield>
    <subfield code="6">ANS_SOR_2020_000000000000000_B479_OR</subfield>
    <subfield code="7">0</subfield>
    <subfield code="9">91811</subfield>
    <subfield code="a">LBB</subfield>
    <subfield code="b">LBB</subfield>
    <subfield code="c">B479</subfield>
    <subfield code="d">2022-10-11</subfield>
    <subfield code="l">5</subfield>
    <subfield code="m">1</subfield>
    <subfield code="o">ANS SOR 2020 B479 Or.</subfield>
    <subfield code="p">A069454</subfield>
    <subfield code="r">2024-07-30</subfield>
    <subfield code="s">2024-07-15</subfield>
    <subfield code="w">2022-10-11</subfield>
    <subfield code="y">ANS</subfield>
  </datafield>
  <datafield tag="952" ind1=" " ind2=" ">
    <subfield code="0">0</subfield>
    <subfield code="1">0</subfield>
    <subfield code="2">ddc</subfield>
    <subfield code="4">0</subfield>
    <subfield code="6">ANS_SOR_2020_000000000000000_B479_OR</subfield>
    <subfield code="7">0</subfield>
    <subfield code="9">91812</subfield>
    <subfield code="a">LBB</subfield>
    <subfield code="b">LBB</subfield>
    <subfield code="c">B479</subfield>
    <subfield code="d">2022-10-11</subfield>
    <subfield code="o">ANS SOR 2020 B479 Or.</subfield>
    <subfield code="p">A069147</subfield>
    <subfield code="r">2022-10-11</subfield>
    <subfield code="w">2022-10-11</subfield>
    <subfield code="y">ANS</subfield>
  </datafield>
  <datafield tag="952" ind1=" " ind2=" ">
    <subfield code="0">0</subfield>
    <subfield code="1">0</subfield>
    <subfield code="2">ddc</subfield>
    <subfield code="4">0</subfield>
    <subfield code="6">ANS_SOR_2020_000000000000000_B479_OR</subfield>
    <subfield code="7">0</subfield>
    <subfield code="9">91813</subfield>
    <subfield code="a">LBB</subfield>
    <subfield code="b">LBB</subfield>
    <subfield code="c">B479</subfield>
    <subfield code="d">2022-10-11</subfield>
    <subfield code="o">ANS SOR 2020 B479 Or.</subfield>
    <subfield code="p">A069474</subfield>
    <subfield code="r">2022-10-11</subfield>
    <subfield code="w">2022-10-11</subfield>
    <subfield code="y">ANS</subfield>
  </datafield>
</record>
